Änderung der Richtlinien zur Regelung der Teilnahme an Supervisionen für Priester, Pastoralreferenten/-innen und hauptamtliche ständige Diakone im Bistum Münster vom 03.12.1988 (Kirchliches Amtsblatt Münster 1999 Nr. 2, Art.24), 10.07.2012
Inkrafttreten zum 01.08.2012
| Συγγραφή απο Οργανισμό/Αρχή: | |
|---|---|
| Τύπος μέσου: | Εκτύπωση Άρθρο |
| Γλώσσα: | Γερμανικά |
| Έλεγχος διαθεσιμότητας: | HBZ Gateway |
| Interlibrary Loan: | Interlibrary Loan for the Fachinformationsdienste (Specialized Information Services in Germany) |
| Έκδοση: |
2012
|
| Στο/Στη: |
Kirchliches Amtsblatt
Έτος: 2012, Τόμος: 146, Σελίδες: 194 |
| Σημειογραφίες IxTheo: | SB Κανονικό Δίκαιο, Δημόσιο Εκκλησιαστικό Δίκαιο |
| Άλλες λέξεις-κλειδιά: | B
Τοπικό δίκαιο
B Ιερέας (μοτίβο) B Εποπτεία B Διάκονος B Ποιμαντικός βοηθός B Νόρμα <τυποποίηση> B Münster (Westf) |
MARC
| LEADER | 00000caa a22000002c 4500 | ||
|---|---|---|---|
| 001 | 1763548643 | ||
| 003 | DE-627 | ||
| 005 | 20220510152653.0 | ||
| 007 | tu | ||
| 008 | 210719s2012 xx ||||| 00| ||ger c | ||
| 035 | |a (DE-627)1763548643 | ||
| 035 | |a (DE-599)KXP1763548643 | ||
| 040 | |a DE-627 |b ger |c DE-627 |e rakwb | ||
| 041 | |a ger | ||
| 084 | |a 1 |2 ssgn | ||
| 110 | 2 | |e VerfasserIn |0 (DE-588)1170193749 |0 (DE-627)1037629663 |0 (DE-576)512429286 |4 aut |a Katholische Kirche |b Diözese Münster (Westf) |b Generalvikariat | |
| 245 | 1 | 0 | |a Änderung der Richtlinien zur Regelung der Teilnahme an Supervisionen für Priester, Pastoralreferenten/-innen und hauptamtliche ständige Diakone im Bistum Münster vom 03.12.1988 (Kirchliches Amtsblatt Münster 1999 Nr. 2, Art.24), 10.07.2012 |
| 264 | 1 | |c 2012 | |
| 336 | |a Text |b txt |2 rdacontent | ||
| 337 | |a ohne Hilfsmittel zu benutzen |b n |2 rdamedia | ||
| 338 | |a Band |b nc |2 rdacarrier | ||
| 520 | |a Inkrafttreten zum 01.08.2012 | ||
| 601 | |a Richtlinie | ||
| 601 | |a Teilnahme | ||
| 601 | |a Supervision | ||
| 601 | |a Pastoralreferent | ||
| 601 | |a Kirchlichkeit | ||
| 601 | |a Amtsblatt | ||
| 650 | 0 | 7 | |0 (DE-588)4058640-6 |0 (DE-627)106146491 |0 (DE-576)209127252 |a Supervision |2 gnd |
| 650 | 0 | 7 | |0 (DE-588)4047233-4 |0 (DE-627)104616849 |0 (DE-576)20907289X |a Priester |2 gnd |
| 650 | 0 | 7 | |0 (DE-588)4149467-2 |0 (DE-627)104450495 |0 (DE-576)209772263 |a Diakon |2 gnd |
| 650 | 0 | 7 | |0 (DE-588)4115511-7 |0 (DE-627)105813761 |0 (DE-576)209493844 |a Pastoralreferent |2 gnd |
| 650 | 0 | 7 | |0 (DE-588)4173443-9 |0 (DE-627)105379905 |0 (DE-576)209950285 |a Partikularrecht |2 gnd |
| 651 | 7 | |0 (DE-588)4040608-8 |0 (DE-627)818071567 |0 (DE-576)209041323 |a Münster (Westf) |2 gnd | |
| 652 | |a SB | ||
| 655 | 4 | |a Norm |7 (dpeaa)DE-Tue135-3 | |
| 773 | 0 | 8 | |i Enthalten in |a Katholische Kirche. Diözese Münster (Westf) |t Kirchliches Amtsblatt |d Münster, Westf. : Generalvikariat, 1857 |g 146(2012), Seite 194 |w (DE-627)167405470 |w (DE-600)516828-4 |w (DE-576)015698505 |7 nnas |
| 773 | 1 | 8 | |g volume:146 |g year:2012 |g pages:194 |
| 935 | |a DAKR | ||
| 951 | |a AR | ||
| CAN | |a 1 | ||
| ELC | |b 1 | ||
| LOK | |0 000 xxxxxcx a22 zn 4500 | ||
| LOK | |0 001 3955823423 | ||
| LOK | |0 003 DE-627 | ||
| LOK | |0 004 1763548643 | ||
| LOK | |0 005 20210719143556 | ||
| LOK | |0 008 210719||||||||||||||||ger||||||| | ||
| LOK | |0 035 |a (DE-Tue135-3)DAKAR1_41950 | ||
| LOK | |0 040 |a DE-Tue135-3 |c DE-627 |d DE-Tue135-3 | ||
| LOK | |0 092 |o n | ||
| LOK | |0 852 |a DE-Tue135-3 | ||
| LOK | |0 852 1 |c MS BGV |9 00 | ||
| LOK | |0 935 |a msmi | ||
| LOK | |0 936ln |0 1442053313 |a SB | ||
| LOK | |0 939 |a 19-07-21 |b l01 | ||
| ORI | |a SA-MARC-ixtheoa001.raw | ||
| STA | 0 | 0 | |a Deacon,Diaconate,Münster,Parish assistant,Particular law,Priest,Priest,Supervision,Supervision |
| STB | 0 | 0 | |a Diacre,Prêtre,Prêtre,Référent pastoral,Régime juridique particulier,Droit local,Droit local,Supervision |
| STC | 0 | 0 | |a Derecho particular,Diácono,Referente de pastoral,Teólogo laico,Teólogo laico,Sacerdote,Sacerdote,Padre,Padre,Padre (Motivo),Padre,Supervisión |
| STD | 0 | 0 | |a Diacono,Diritto particolare,Prete <motivo>,Prete,Sacerdote,Sacerdote,Sacerdote (motivo),Sacerdote,Referente pastorale,Supervisione |
| STE | 0 | 0 | |a 执事,会吏,助祭,特别法,监督,监理,祭司,祭司,司铎,司铎 |
| STF | 0 | 0 | |a 執事,會吏,助祭,特別法,監督,監理,祭司,祭司,司鐸,司鐸 |
| STG | 0 | 0 | |a Direito particular,Diácono,Referente de pastoral,Teólogo leigo,Teólogo leigo,Sacerdote,Sacerdote,Presbítero,Padre,Presbítero,Padre,Presbítero (Motivo),Padre,Presbítero,Padre,Supervisão |
| STH | 0 | 0 | |a Дьякон,Местный закон,Пасторский референт (мужчина),Священник (мотив),Священник,Супервизия |
| STI | 0 | 0 | |a Διάκονος,Εποπτεία,Επιτήρηση,Ιερέας (μοτίβο),Ιερέας,Ποιμαντικός βοηθός,Τοπικό δίκαιο |
| SUB | |a CAN | ||
| SYE | 0 | 0 | |a Praxisberatung , Priesteramt,Priestertum , Diakonat,Diakone , Pastoralreferenten , Foralrecht,Partikulares Recht |
| SYF | 0 | 0 | |a Münster (Westfalen),Münster,Minstere,Monasterium,Mjunster,Munster,Provinzialhauptstadt Münster,Monasterii Westphaliae,Monasteri Westphaliae,Monasterium Westphalorum,Monasterium Westphaliae,Mimigernaford,Mimigardefordum,Münster,Stadt Münster,Münster in Westfalen |